Creativity and rural tourism

Charakteristika pojmu kreativita a kreatívny turizmus. Kreatívny turizmus ako nástroj zvýšenia kvality destinácie. Formy kreatívneho cestovného ruchu. Príklady kreatívneho cestovného ruchu vo Francúzsku. Ciele európskej politiky v oblasti cestovného ruchu.

Gespeichert in:
Bibliographische Detailangaben
1. Verfasser: Jarábková, Jana
Weitere Verfasser: Hamada, Marián
Format: Buchkapitel
Sprache:Englisch
Schlagworte:
Tags: Tag hinzufügen
Keine Tags, Fügen Sie das erste Tag hinzu!

MARC

LEADER 00000naa a2200000 4500
001 0206593
005 20230908100109.6
041 0 |a eng 
044 |a SK 
245 1 0 |a Creativity and rural tourism  |c Jana Jarábková, Marián Hamada 
520 |a Charakteristika pojmu kreativita a kreatívny turizmus. Kreatívny turizmus ako nástroj zvýšenia kvality destinácie. Formy kreatívneho cestovného ruchu. Príklady kreatívneho cestovného ruchu vo Francúzsku. Ciele európskej politiky v oblasti cestovného ruchu. 
610 2 0 |a kreativita 
610 2 0 |a ruch cestovný kreatívny 
610 2 0 |a ruch cestovný vidiecky 
610 2 0 |a inovácia 
100 1 |a Jarábková, Jana 
700 1 |a Hamada, Marián